A short history of music

Gorde:
Xehetasun bibliografikoak
Egile nagusia: Einstein, Alfred (Egilea)
Formatua: Liburua
Hizkuntza:ingelesa
Argitaratua: Londres Cassell 1965
Edizioa:7a. ed
Gaiak:
Etiketak: Etiketa erantsi
Etiketarik gabe, Izan zaitez lehena erregistro honi etiketa jartzen!

MARC

LEADER 00000nam a2200000 a 4500
001 UCN2437
003 CL-VaPUC
008 010518e19650000UK |||||||||||||||||eng|d
082 0 4 |a 780.9  |b EIN  |2 21 
100 0 |a Einstein, Alfred  |e author  |9 458314 
245 1 2 |a A short history of music 
250 |a 7a. ed 
300 |a 213 p 
942 |c BK 
945 |d 20010518 00:00:00  |a crobeson 
260 |a Londres  |b Cassell  |c 1965 
650 7 |a MUSICA HISTORIA  |2 CL-VaPUC  |9 306301 
650 0 |a Música antigua  |9 391245 
650 0 |a Música medieval  |9 391244 
650 0 |a Canto gregoriano  |9 332477 
650 7 |a MUSICA MODERNA  |2 CL-VaPUC  |9 458315 
650 0 |a Música renacentista  |9 391249 
650 7 |a CLASICISMO EN LA MUSICA  |2 CL-VaPUC  |9 458316 
650 0 |a Romanticismo en la música  |9 306753 
583 |a last modification  |c 20010518 00:00:00  |k Rodrigo Vera 
999 |c 295538  |d 295536 
952 |0 0  |1 0  |4 0  |6 780_900000000000000_EIN_1965  |7 0  |8 A  |9 348772  |a BIBEDU  |b BIBEDU  |d 2019-11-20  |i 1183621  |o 780.9 EIN 1965  |p 1183621  |r 2023-01-12  |w 2019-11-20  |y BK  |k MUS